000
00286nam a2200097Ia 4500
005
20251222152003.0
008
251222s9999||||xx |||||||||||||| ||spa||
082
_a
630.1/I59/V.19
245
0
_a
"III Censo Nacional Agropecuario, perfil agropecuario: Departamento de Cajamarca"
942
_c
LIB
999
_c
24608
_d
24608